| 000 | 00530cam a2200217ua 4500 | ||
|---|---|---|---|
| 001 | 9003 | ||
| 005 | 20260515114419.0 | ||
| 008 | 150219n ii |||gr||||Z||||||asm | ||
| 020 | _a8123714114 | ||
| 040 | _cMAIN | ||
| 041 | _aasm | ||
| 082 | _a891.4513N | ||
| 100 |
_aPritam. A., _eAuthor. |
||
| 245 | 1 |
_aNa radha na rukmani _cBy Amrita Pritam |
|
| 250 | _a1st. | ||
| 260 |
_aNew Delhi: _bNational, _c1995. |
||
| 300 | _a108p. | ||
| 653 | _aEast Indo-European & Celtic literatures | ||
| 653 | _aAssamese novels | ||
| 942 | _cBK | ||
| 999 |
_c8087 _d8087 |
||